00337 a2200121 4500040000800000082001500008100002100023245007100044260004500115300002100160500001900181650001500200 aDLC a423.419439 aDr. Jamil Jalibi aFarhang e Istalhat Jamia Usmania (Urdu) (Vol. 2)cDr. Jamil Jalibi aIslamabad:bMuqtedara Qomi Zuban,c1991. a471 p. ;c27 cm. aIncludes Index aDictionary